[Event "Bad Woerishofen op"]
[Site "Bad Woerishofen"]
[Date "2001.??.??"]
[Round "4"]
[White "Sepp, Lothar"]
[Black "Kroencke, Manfred"]
[Result "1/2-1/2"]
[WhiteElo "1866"]
[BlackElo "2161"]
[Annotator "ChessOrg"]
[PlyCount "41"]
[EventDate "1998.03.05"]
[Source "ChessBase"]
[SourceDate "1998.04.29"]

1. d4 {
D55: Damengambit (Hauptvariante, Abweichungen - Alte Lasker-Variante, etc.)}
1... d5 2. c4 e6 3. Nc3 Nf6 4. Bg5 Be7 5. e3 O-O 6. Nf3 h6 7. Bxf6 Bxf6 8. cxd5
exd5 9. Qc2 {letzter Buchzug} 9... c6 10. Be2 Be6 11. O-O Nd7 12. b4 Re8 13.
Na4 Bg4 14. Rfc1 Qe7 15. Nc5 (15. b5 cxb5 16. Nc3 Nb6 17. Bxb5 17... Rec8 $11)
15... Nf8 16. a4 a6 17. Rab1 Rac8 18. Qd2 Rc7 19. b5 axb5 20. axb5 cxb5 21.
Rxb5 1/2-1/2

[Event "Bad Woerishofen op"]
[Site "Bad Woerishofen"]
[Date "2001.??.??"]
[Round "6"]
[White "Sepp, Lothar"]
[Black "Babar, Michael"]
[Result "0-1"]
[WhiteElo "1866"]
[BlackElo "2175"]
[Annotator "ChessOrg"]
[PlyCount "32"]
[EventDate "1998.03.05"]
[Source "ChessBase"]
[SourceDate "1998.04.29"]

1. d4 {A87: Hollaendische Verteidigung (Leningrader Variante)} 1... d6 2. Nf3
f5 3. c4 g6 4. g3 Bg7 5. Bg2 Nf6 6. Nc3 O-O 7. O-O Qe8 8. d5 c6 9. Ne1 {
letzter Buchzug} 9... Bd7 10. Rb1 (10. Qb3 10... b6 $14) 10... a5 (10... Na6
11. Bg5 $11) 11. b3 Na6 12. Nd3 Nc7 13. Nf4 g5 14. Nh3 h6 15. Bb2 (15. f4 g4
16. Nf2 16... b5 $11) 15... f4 $15 16. e4 (16. gxf4 g4 17. Ng5 hxg5 18. fxg5
$17) 16... f3 $17 (16... f3 17. Qxf3 17... g4 $19) 0-1

[Event "Bad Woerishofen op"]
[Site "Bad Woerishofen"]
[Date "2001.??.??"]
[Round "8"]
[White "Sepp, Lothar"]
[Black "Schneider, Richard"]
[Result "0-1"]
[WhiteElo "1866"]
[BlackElo "2180"]
[Annotator "ChessOrg"]
[PlyCount "68"]
[EventDate "1998.03.05"]
[Source "ChessBase"]
[SourceDate "1998.04.29"]

1. d4 {E30: Nimzoindisch (4.Lg5)} 1... Nf6 2. c4 e6 3. Nc3 Bb4 4. Bg5 h6 5.
Bxf6 Qxf6 6. e3 c5 7. a3 {letzter Buchzug} 7... cxd4 8. exd4 Bxc3+ 9. bxc3 O-O
10. Nf3 Nc6 11. Be2 b6 12. O-O d6 13. Nd2 Bb7 14. Bf3 Rab8 15. Qa4 Rfc8 16.
Rab1 Na5 17. Bxb7 Rxb7 (17... Nxb7 $143 18. Qxa7 Na5 19. Qa6 $14) 18. c5 (18.
Rfe1 18... Qg6 $15) 18... Qf4 $17 19. cxb6 axb6 20. Nb3 Nc4 21. Nc5 dxc5 (21...
Rbc7 22. Rfd1 $17) 22. Qxc4 $15 22... Rbb8 23. g3 Qf5 24. Rb5 Ra8 25. Qb3 Qf3
26. dxc5 Rxc5 27. Rxc5 bxc5 28. Ra1 h5 29. h4 g5 (29... Rd8 30. Qb6 Rd3 31. c4
$15) 30. Qc4 (30. hxg5 $5 $142 30... Qf5 31. Qb7 $11) 30... gxh4 $15 31. gxh4
$4 (31. Qxh4 $142 31... Qxc3 32. Qg5+ Qg7 33. Qxg7+ Kxg7 34. a4 $17) 31... Kh7
32. Ra2 (32. Kf1 Rg8 33. Re1 Rg4 34. Qxg4 34... hxg4 $19) 32... Rd8 (32... Rg8+
33. Qg4 Rxg4+ 34. Kf1 Qd1#) 33. Qa4 $19 33... Rd1+ 34. Kh2 (34. Qxd1 Qxd1+ 35.
Kh2 $19) 34... Rh1# 0-1

[Event "Bad Woerishofen op"]
[Site "Bad Woerishofen"]
[Date "2001.??.??"]
[Round "9"]
[White "Sepp, Lothar"]
[Black "Schaffarth, Peter"]
[Result "1/2-1/2"]
[WhiteElo "1866"]
[BlackElo "2141"]
[Annotator "ChessOrg"]
[PlyCount "30"]
[EventDate "1998.03.05"]
[Source "ChessBase"]
[SourceDate "1998.04.29"]

1. d4 {A51: Budapester Gambit (Fajarowicz-Variante)} 1... Nf6 2. c4 e5 3. dxe5
Ne4 4. Nf3 Bb4+ 5. Bd2 Nxd2 6. Nbxd2 Nc6 7. a3 Bxd2+ 8. Qxd2 Qe7 9. Qc3 O-O 10.
e3 {letzter Buchzug} 10... Re8 11. Be2 Nxe5 12. Nxe5 Qxe5 13. Qxe5 Rxe5 14. O-O
d6 15. Bf3 Bf5 1/2-1/2

[Event "Bad Woerishofen op"]
[Site "?"]
[Date "2001.??.??"]
[Round "1"]
[White "Siebrecht, Sebastian"]
[Black "Sammut Briffa, Peter"]
[Result "1-0"]
[WhiteElo "2386"]
[BlackElo "2000"]
[Annotator "ChessOrg"]
[PlyCount "82"]
[EventDate "2000.??.??"]

1. d4 {E61: Koenigsindisch (Abweichungen der Hauptvariante)} 1... Nf6 2. Nf3 g6
3. c4 Bg7 4. Nc3 O-O 5. Bg5 d6 6. e3 Nbd7 7. Be2 e5 8. Qc2 c6 9. O-O {
letzter Buchzug} 9... Qe7 10. Rfe1 h6 11. Bh4 g5 12. Bg3 Nh5 13. Bd3 Nxg3 14.
hxg3 Nf6 15. c5 dxc5 16. Nxe5 Ng4 17. Nf3 Be6 18. Na4 cxd4 19. exd4 Rad8 20.
Rad1 Qb4 21. b3 (21. a3 21... Qd6 $11) 21... Bxd4 22. Nxd4 Rxd4 23. Nc5 Bc8 (
23... Kh8 $142 24. Nxe6 fxe6 25. Rxe6 Rxf2 (25... Nxf2 $4 26. Rxh6+ Kg7 27.
Rh7+ Kf6 28. Qxf2+ Rf4 29. gxf4 $18) 26. Rxh6+ Nxh6 27. Qxf2 27... Qd6 $15) 24.
a3 $1 $16 24... Qa5 (24... Qxa3 25. Bh7+) 25. b4 Qd8 26. Bh7+ Kh8 27. Qb2 Kxh7
28. Qxd4 Qxd4 29. Rxd4 Nf6 30. a4 Kg6 31. Rd6 Kg7 32. b5 (32. f3 b6 33. Nb3 Ne8
34. Rxc6 34... Bd7 $18) 32... cxb5 $14 33. axb5 b6 34. Nb3 Be6 (34... Bd7 $5
35. Nd4 35... Rc8 $16) 35. Nd4 $18 35... Bc4 36. Rc1 Bd3 37. Rc7 (37. Rcc6
37... Ng4 $18) 37... Re8 $16 38. f3 (38. Rxa7 $4 38... Re1+ 39. Kh2 Ng4+ 40.
Kh3 Nxf2+ 41. Kh2 Rh1#) 38... Ra8 (38... Re1+ 39. Kf2 Ne8 40. Kxe1 Nxc7 41. Nc6
Bxb5 42. Nxa7 $18) 39. Ne6+ Kg6 (39... Kg8 40. Rxd3 fxe6 41. Re7 $18) 40. Nxg5
$1 40... Bxb5 $4 41. Ne4 Bc6 (41... Kg7 42. Rxf6 42... Be8 $18) 1-0

[Event "Bad Woerishofen op"]
[Site "Bad Woerishofen"]
[Date "2001.??.??"]
[Round "3"]
[White "Siebrecht, Sebastian"]
[Black "Semmler, Guenter"]
[Result "1-0"]
[WhiteElo "2386"]
[BlackElo "2111"]
[Annotator "ChessOrg"]
[PlyCount "41"]
[EventDate "1998.03.05"]
[Source "ChessBase"]
[SourceDate "1998.04.29"]

1. d4 {C41: Philidor-Verteidigung} 1... Nf6 2. Nf3 d6 3. Nc3 Nbd7 4. e4 e5 5.
g3 Be7 6. Bg2 O-O 7. O-O c6 8. a4 b6 9. b3 Re8 10. Bb2 10... Qc7 {
letzter Buchzug} 11. Qd2 a6 12. Nh4 Bf8 (12... exd4 $142 13. Qxd4 13... Nf8 $11
) 13. f4 (13. d5 $11 $142) 13... exd4 $17 14. Qxd4 d5 15. Kh1 (15. exd5 $4
15... Bc5 16. Qxc5 16... Nxc5 $19 (16... bxc5 $143 17. Nf5 $19)) 15... Bc5 16.
Qd3 dxe4 (16... a5 $5 17. e5 17... Ng4 $15) 17. Nxe4 $11 17... Nxe4 18. Bxe4 h6
(18... Nf8 $5 $14) 19. Nf5 $16 19... Bf8 $4 (19... Nf6 $142 20. Nxh6+ $1 20...
gxh6 21. Bxf6 Re6 22. Bh7+ 22... Kf8 $16) 20. Nxh6+ $1 $18 20... gxh6 21. Bh7#
1-0

[Event "Bad Woerishofen op"]
[Site "Bad Woerishofen"]
[Date "2001.??.??"]
[Round "5"]
[White "Siebrecht, Sebastian"]
[Black "Ballon, Guenter Jan"]
[Result "1-0"]
[WhiteElo "2386"]
[BlackElo "2233"]
[Annotator "ChessOrg"]
[PlyCount "89"]
[EventDate "1998.03.05"]
[Source "ChessBase"]
[SourceDate "1998.04.29"]

1. d4 {D02: Damenbauernspiele} 1... d5 2. Nf3 c6 3. e3 Bf5 4. Be2 e6 5. O-O Nd7
6. c4 Bd6 7. Nc3 h6 8. Bd3 Bxd3 9. Qxd3 Ngf6 10. e4 dxe4 11. Nxe4 Nxe4 12. Qxe4
O-O 13. Bd2 Nf6 14. Qh4 Nh7 15. Qe4 Nf6 16. Qe2 Qe7 17. Ne5 {letzter Buchzug}
17... c5 18. dxc5 Bxc5 19. Rad1 Rfd8 20. a3 Rac8 21. b4 Bd6 22. Nf3 b6 23. Bc3
Bb8 24. g3 Ne8 25. Rc1 Qb7 26. Bb2 Bd6 27. Nd4 a6 28. b5 axb5 29. cxb5 Rxc1 30.
Rxc1 Bc5 31. Nc6 Rd5 32. a4 Qd7 33. Bc3 Qd6 34. Be5 Qd7 35. Bf4 Nf6 36. Ne5 Qd8
37. Nc6 Qd7 38. Ne5 Qd8 39. Nc4 Qa8 40. Ra1 Qd8 41. a5 (41. Ne5 g5 42. Nc6
42... Qd7 $11) 41... bxa5 $15 42. Nxa5 (42. Rxa5 Rd1+ 43. Kg2 Qd5+ 44. Kh3
44... Rg1 $19) 42... Rd3 (42... Nh5 43. Be3 Bxe3 44. fxe3 $15) 43. b6 Bxb6 (
43... Qd4 44. Re1 Bxb6 45. Be3 Rxe3 46. fxe3 $11) 44. Nc6 $14 44... Qd5 $4 (
44... Qe8 $142 45. Ne7+ $5 45... Qxe7 46. Qxd3 46... Qb7 $14) 45. Ne7+ $18 (45.
Ne7+ Kh7 46. Nxd5 Rxd5 47. Rb1 $18) 1-0

[Event "Bad Woerishofen op"]
[Site "Bad Woerishofen"]
[Date "2001.??.??"]
[Round "7"]
[White "Siebrecht, Sebastian"]
[Black "Bintakies, Michael"]
[Result "1-0"]
[WhiteElo "2386"]
[BlackElo "2204"]
[Annotator "ChessOrg"]
[PlyCount "51"]
[EventDate "1998.03.05"]
[Source "ChessBase"]
[SourceDate "1998.04.29"]

1. d4 {D15: Damengambit (Slawische Verteidigung)} 1... d5 2. Nf3 Nf6 3. c4 c6
4. Nc3 a6 5. e3 b5 6. b3 Bg4 7. Bd3 Nbd7 8. Bb2 {letzter Buchzug} 8... e6 9.
O-O Bd6 10. a3 (10. h3 $5 $142 10... Bf5 11. Bxf5 exf5 12. Qd3 $14) 10... bxc4
$17 11. bxc4 Qb8 12. Rb1 Bxf3 (12... Bxh2+ 13. Kh1 Bc7 14. Re1 $17) 13. Qxf3
$15 13... Bxh2+ 14. Kh1 h5 15. g3 Ng4 16. cxd5 cxd5 (16... exd5 $143 17. e4 $16
) 17. e4 Ndf6 (17... dxe4 18. Nxe4 Nb6 19. Bc3 $16) 18. a4 (18. exd5 h4 19.
dxe6 fxe6 20. Bc1 $18) 18... h4 $11 19. Ba3 Qc7 (19... Qc8 $5 $142 20. e5 hxg3
21. exf6 21... Nxf6 $15 (21... Qxc3 22. Bb5+ axb5 23. Qxc3 $18) (21... Nxf2+
22. Kg2 g5 23. Nb5 $18) (21... gxf6 22. Qxg4 gxf2 23. Qg7 $18)) 20. exd5 $14
20... hxg3 21. dxe6 Ra7 22. exf7+ Kxf7 23. Ne4 23... gxf2 $4 (23... g2+ 24.
Kxg2 Bf4 25. Nxf6 25... Nxf6 $18) 24. Ng5+ Ke8 25. Rb8+ $3 25... Qxb8 26. Qc6+
(26. Qc6+ Rd7 27. Bg6+ Kd8 28. Ne6#) 1-0

[Event "Bad Woerishofen op"]
[Site "Bad Woerishofen"]
[Date "2001.??.??"]
[Round "9"]
[White "Siebrecht, Sebastian"]
[Black "Lada, Ireneusz"]
[Result "1-0"]
[WhiteElo "2386"]
[BlackElo "2216"]
[Annotator "ChessOrg"]
[PlyCount "81"]
[EventDate "1998.03.05"]
[Source "ChessBase"]
[SourceDate "1998.04.29"]

1. Nf3 {B00: Damenfianchetto, Nimzowitsch-Verteidigung} 1... d6 2. d4 Bg4 3. e4
Nf6 4. Nc3 Nc6 5. d5 Nb8 6. Be2 6... e6 {letzter Buchzug} 7. dxe6 Bxe6 8. Nd4
Qd7 9. Nxe6 (9. Bg5 9... Nc6 $14) 9... Qxe6 (9... fxe6 10. O-O $14) 10. O-O (
10. Nd5 Kd8 11. Nxf6 11... Qxf6 $14) 10... Nc6 $11 (10... Nxe4 $2 11. Nxe4 Nd7
12. Re1 $18) 11. Nd5 O-O-O 12. f3 h6 13. c4 g5 14. Be3 Bg7 15. Rb1 Nd7 16. b4
Kb8 17. c5 dxc5 18. bxc5 Nf6 19. Qc1 Rxd5 (19... Nxd5 20. exd5 Qxd5 21. Ba6 $14
) 20. Bc4 $16 (20. exd5 Nxd5 21. Ba6 Ncb4 (21... Qxe3+ 22. Qxe3 Nxe3 23. Rxb7+
Kc8 24. Rb3+ Kd8 25. Rxe3 $18) (21... Nxe3 22. Bxb7 Nxf1 23. Bxc6+ Kc8 24. Bb7+
Kd8 25. Qxf1 $11) 22. Bxb7 Qxe3+ 23. Qxe3 Nxe3 24. Rxb4 Nxf1 25. Kxf1 25... Bc3
$16) 20... Re8 21. Bf2 Ne5 22. exd5 Nxd5 23. Re1 f5 24. Qd1 c6 25. Qb3 (25.
Bxd5 $5 $142 25... cxd5 26. Qa4 $18) 25... Qd7 $16 26. Ba6 Re7 27. Bxb7 $1
27... Qxb7 28. Qa3 (28. Qd1 $18 $142) 28... Nxf3+ $16 29. Qxf3 Rxe1+ 30. Rxe1
Qd7 31. Qd3 Ka8 32. a4 Bc3 33. Re2 Qc8 34. Bg3 f4 35. Bf2 Kb7 (35... g4 $5 $16)
36. Qh7+ Ka6 37. Rc2 Bf6 38. Rc1 38... Qe6 $4 (38... Qc7 $142 39. Qd3+ 39...
Kb7 $18) 39. Rb1 (39. Qxh6 $6 39... f3 40. gxf3 40... Nf4 $16) 39... Qe7 (39...
Nb4 40. Rxb4 Qe2 41. Qb7+ 41... Ka5 $18) 40. Qd3+ Ka5 41. Rb5+ $3 (41. Rb5+ Ka6
42. Rb6+ Ka5 43. Qa6#) 1-0

[Event "Bad Woerishofen op"]
[Site "Bad Woerishofen"]
[Date "2001.??.??"]
[Round "2"]
[White "Simutowe, Amon"]
[Black "Goy, Udo"]
[Result "1/2-1/2"]
[WhiteElo "2462"]
[BlackElo "2194"]
[Annotator "ChessOrg"]
[PlyCount "134"]
[EventDate "1998.03.05"]
[Source "ChessBase"]
[SourceDate "1998.04.29"]

1. c4 {A21: Englische Eroeffnung} 1... e5 2. Nc3 d6 3. Nf3 f5 4. d4 4... Nd7 {
letzter Buchzug} 5. dxe5 Nxe5 6. Nd4 Nf6 7. g3 c5 8. Ndb5 a6 9. Na3 Be6 10. Bg2
Rb8 (10... Nxc4 $143 11. Qa4+ b5 12. Naxb5 axb5 13. Qxa8 Qxa8 14. Bxa8 $18) 11.
Nd5 Be7 12. O-O O-O 13. Nxe7+ (13. b3 13... b5 $14) 13... Qxe7 $11 14. b3 b5
15. f4 Nf7 16. Qd3 bxc4 17. Nxc4 d5 18. Ne3 c4 19. bxc4 (19. Nxf5 $2 19... Qd7
(19... cxd3 $2 20. Nxe7+ Kh8 21. exd3 $18) 20. bxc4 20... Bxf5 $19) 19... dxc4
20. Qc3 Rfe8 21. Ba3 Qa7 22. Kh1 Bd7 23. Nd5 Nxd5 24. Bxd5 Re3 25. Qxc4 Bb5 (
25... Rc8 $5 26. Qb4 26... a5 $11) 26. Qc5 $11 26... Qxc5 27. Bxc5 Rxe2 28.
Rfe1 Rc2 29. Rac1 Rd2 30. Ba7 Rd8 31. Be6 g6 (31... Bd7 32. Bb3 Re8 33. Rxe8+
Bxe8 34. Rc8 $16) 32. Bb6 (32. Rc7 Bd7 33. Bc4 Re8 34. Rxe8+ 34... Bxe8 $16)
32... R8d6 33. Ba5 R2d3 34. Rc8+ Kg7 35. Bc3+ (35. Rc7 Bd7 36. Bb3 Bc6+ 37. Kg1
$18) 35... Kh6 $11 36. Bxf7 Rc6 37. Rxc6 Bxc6+ 38. Kg1 Rxc3 39. Re7 Rd3 40. Kf2
Rd8 41. h3 Bb5 42. g4 fxg4 43. hxg4 Rd7 44. g5+ Kg7 45. Rxd7 Bxd7 46. Bc4 a5
47. Ke3 h5 48. gxh6+ Kxh6 49. Kd4 g5 50. fxg5+ Kxg5 51. Kc5 Kf6 52. Kd6 Bg4 53.
Bb3 Bf3 54. a3 Bg2 55. Ba4 Bf3 56. Bc2 Bg2 57. Bd1 Be4 58. Bb3 (58. Kc5 58...
Ke7 $16) 58... Bf3 (58... Bg2 59. Kc5 $14) 59. Bc2 Bg2 60. Kc7 Ke7 61. Bf5 (61.
Kb6 61... Kd6 $16) 61... Bf3 62. Kb6 $16 62... Kd6 63. Bc2 Bd5 64. Bd1 Bc6 65.
Kxa5 Kc7 66. Be2 Kb7 67. Ba6+ Ka7 1/2-1/2

[Event "Bad Woerishofen op"]
[Site "Bad Woerishofen"]
[Date "2001.??.??"]
[Round "4"]
[White "Simutowe, Amon"]
[Black "Matzat, Andre"]
[Result "1-0"]
[WhiteElo "2462"]
[BlackElo "2245"]
[Annotator "ChessOrg"]
[PlyCount "35"]
[EventDate "1998.03.05"]
[Source "ChessBase"]
[SourceDate "1998.04.29"]

1. d4 {A56: Altindisch} 1... Nf6 2. c4 c5 3. d5 e5 4. Nc3 d6 5. e4 Be7 6. f3 {
letzter Buchzug} 6... Nh5 7. g3 Bg5 (7... Nd7 $5 $14 $142) 8. f4 $1 $16 8...
Nxf4 (8... exf4 9. Qxh5) 9. gxf4 Bh4+ 10. Kd2 exf4 11. Kc2 f5 12. Bxf4 fxe4 (
12... O-O 13. e5 dxe5 14. Bxe5 $18) 13. Bxd6 $1 13... Qxd6 14. Qh5+ Qg6 15.
Qxh4 O-O 16. Qg3 (16. Qxe4 $2 16... Rf2+ 17. Kb3 Bf5 18. Qxf5 Qb6+ 19. Nb5
19... Rxf5 $19) (16. Nxe4 $6 16... Bf5 17. Bd3 17... b5 $18) 16... Bg4 17. Be2
Rf3 (17... Bf5 $18) 18. Nxf3 (18. Nxf3 exf3+ 19. Bd3 $18) 1-0

[Event "Bad Woerishofen op"]
[Site "Bad Woerishofen"]
[Date "2001.??.??"]
[Round "6"]
[White "Simutowe, Amon"]
[Black "Filippov, Valeri"]
[Result "1/2-1/2"]
[WhiteElo "2460"]
[BlackElo "2615"]
[Annotator "ChessOrg"]
[PlyCount "90"]
[EventDate "1998.03.05"]
[Source "ChessBase"]
[SourceDate "1998.04.29"]

1. e4 {B45: Sizilianisch (Klassisches System)} 1... c5 2. Nf3 e6 3. d4 cxd4 4.
Nxd4 Nf6 5. Nc3 Nc6 6. Nxc6 bxc6 7. e5 Nd5 8. Ne4 Bb7 9. Be2 c5 10. O-O Qc7 11.
Nd6+ Bxd6 12. exd6 Qc6 13. f3 13... Nb6 {letzter Buchzug} 14. Qd3 c4 15. Qd4
O-O 16. b3 (16. Re1 16... f6 $11) 16... e5 17. Qf2 (17. Qxe5 $2 17... Rfe8 18.
Qd4 18... Rxe2 $19) 17... cxb3 18. cxb3 Qxd6 19. Rd1 Qg6 20. a4 d5 21. a5 Nd7
22. a6 Bc6 23. b4 d4 24. f4 Rfb8 25. fxe5 Rxb4 26. Ba3 Ra4 (26... Rb3 27. e6
Qxe6 28. Rxd4 $17) 27. Bb2 $15 27... Nxe5 28. Bxd4 Ng4 (28... Rxa1 $5 29. Rxa1
29... Qg5 $15) 29. Qg3 $11 29... h5 30. Rxa4 Bxa4 31. Ra1 Bc6 32. Bf1 (32. Bxa7
$5 32... Qf6 33. Rb1 $14) 32... Qe4 $15 33. Bc5 Qd5 34. Qd6 (34. Rc1 Qg5 35.
Rc3 35... Qf6 $15) 34... Qe4 (34... Qxd6 $5 35. Bxd6 35... Rd8 $15) 35. Qd4 Qe8
(35... Qe5 36. Qxe5 Nxe5 37. Bd4 $14) 36. h3 (36. Bxa7 $2 36... Rxa7 37. h3
37... Rd7 $19) 36... Ne5 37. Bxa7 Bb5 38. Qe3 Bxf1 39. Rxf1 f6 40. Rb1 Qa4 41.
Bb8 Qxa6 42. Bxe5 fxe5 43. Qxe5 Qa7+ 44. Kh2 Qf7 45. Ra1 Rf8 1/2-1/2

[Event "Bad Woerishofen op"]
[Site "Bad Woerishofen"]
[Date "2001.??.??"]
[Round "7"]
[White "Simutowe, Amon"]
[Black "Pelletier, Yannick"]
[Result "1/2-1/2"]
[WhiteElo "2462"]
[BlackElo "2548"]
[Annotator "ChessOrg"]
[PlyCount "88"]
[EventDate "1998.03.05"]
[Source "ChessBase"]
[SourceDate "1998.04.29"]

1. e4 {B60: Sizilianisch (Richter/Rauser-Angriff)} 1... c5 2. Nc3 a6 3. Nf3 d6
4. d4 cxd4 5. Nxd4 Nf6 6. Bg5 Nc6 7. Qd2 h6 8. Bxf6 gxf6 9. O-O-O e6 10. f4 Bd7
11. Kb1 11... Qc7 {letzter Buchzug} 12. f5 O-O-O (12... Rg8 13. g3 $11) 13. g3
Kb8 14. Bh3 Nxd4 15. Qxd4 Be7 16. Na4 (16. Rd2 $5 $14) 16... e5 $11 17. Qb4 Bc6
18. Qb3 Bxe4 19. Rhe1 Qc6 20. Nc3 Bf3 21. Rd3 e4 (21... Rd7 22. Nd5 Bxd5 23.
Rxd5 $11) 22. Nxe4 (22. Rde3 d5 23. Rxf3 exf3 24. Rxe7 Rhe8 25. Rxe8 25... Rxe8
$11) 22... Bxe4 23. Rc3 Qd5 24. Qxd5 Bxd5 25. Rxe7 (25. Rd3 Bc6 26. Rxe7 26...
Rde8 $14) 25... Rde8 $11 26. Rce3 Rxe7 27. Rxe7 Kc8 28. b3 Kd8 29. Re3 Re8 30.
Rxe8+ Kxe8 31. c4 Be4+ 32. Kb2 a5 33. Bg4 Kd7 34. Kc3 b6 35. Kd4 Bb1 36. a3 Bc2
37. Kc3 Be4 38. Kd4 (38. b4 axb4+ 39. axb4 39... b5 $16) 38... Bc2 39. b4 axb4
40. axb4 Ke7 41. Kd5 Kd7 42. Kd4 (42. h4 42... Bb1 $14) 42... Ke7 43. Kd5 (43.
h4 43... Kd7 $14) 43... Kd7 44. h4 Bd3 1/2-1/2

[Event "Bad Woerishofen op"]
[Site "Bad Woerishofen"]
[Date "2001.??.??"]
[Round "2"]
[White "Sokolov, Andrei"]
[Black "Schelle, Artur"]
[Result "1/2-1/2"]
[WhiteElo "2565"]
[BlackElo "2215"]
[Annotator "ChessOrg"]
[PlyCount "100"]
[EventDate "1998.03.05"]
[Source "ChessBase"]
[SourceDate "1998.04.29"]

1. e4 {B30: Sizilianisch (Rossolimo-Variante)} 1... c5 2. Nf3 Nc6 3. Nc3 e5 4.
Bc4 Be7 5. d3 Nf6 6. Nd5 d6 7. h3 {letzter Buchzug} 7... O-O 8. c3 Be6 9. Nxf6+
Bxf6 10. Bxe6 fxe6 11. O-O Qe7 12. g3 (12. Qb3 12... Rad8 $11) 12... Kh8 13. h4
g6 14. Bh6 Rg8 (14... Bg7 15. Bxg7+ Kxg7 16. Nd2 $15) 15. Kg2 Nd8 16. Ng5 Bg7
17. Bxg7+ Rxg7 18. f4 Nf7 19. fxe5 dxe5 20. Qg4 Nxg5 21. hxg5 Rf7 22. Rxf7 Qxf7
23. Rf1 Qe7 24. Qf3 Kg7 (24... Qxg5 25. Qf7 $11) 25. Qe3 (25. Qf6+ Qxf6 26.
Rxf6 26... Re8 $14) 25... Rf8 26. Rf3 (26. Rxf8 Qxf8 27. a3 27... a6 $14) 26...
b6 (26... Rxf3 27. Kxf3 b5 28. Kg4 $11) 27. Kf2 Rxf3+ 28. Kxf3 (28. Qxf3 $143
28... Qxg5 29. Qe3 29... Qh5 $15) 28... Qd7 29. b3 Qb5 30. Ke2 Qa5 31. Qd2 b5
32. Qb2 b4 33. cxb4 cxb4 34. Qc2 h6 35. gxh6+ Kxh6 36. Kf3 Qd8 37. Qc4 a5 38.
Kg2 Qd4 (38... Qb6 39. Qc1+ Kg7 40. g4 $11) 39. Qxe6 (39. Qc8 $5 39... Kh7 40.
Qc7+ Kh6 41. Qxa5 $16) 39... Qxd3 40. Qxe5 Qe2+ 41. Kg1 Qe1+ 42. Kg2 Qe2+ 43.
Kh3 Qf1+ 44. Kh4 Qh1+ 45. Kg4 Qd1+ 46. Kf4 Qd2+ 47. Kf3 Qd3+ 48. Kf2 Qd2+ 49.
Kf3 Qd3+ 50. Kf2 Qd2+ 1/2-1/2

[Event "Bad Woerishofen op"]
[Site "Bad Woerishofen"]
[Date "2001.??.??"]
[Round "4"]
[White "Sokolov, Andrei"]
[Black "Siebrecht, Sebastian"]
[Result "1-0"]
[WhiteElo "2566"]
[BlackElo "2386"]
[Annotator "ChessOrg"]
[PlyCount "29"]
[EventDate "1998.03.05"]
[Source "ChessBase"]
[SourceDate "1998.04.29"]

1. e4 {B43: Sizilianisch (Paulsen-Variante)} 1... c5 2. Nf3 e6 3. d4 cxd4 4.
Nxd4 a6 5. Be2 Nf6 6. Nc3 Qc7 7. O-O Be7 8. f4 d6 9. Kh1 9... Nbd7 {
letzter Buchzug} 10. g4 Nf8 11. g5 N6d7 12. f5 Ne5 13. f6 gxf6 14. gxf6 14...
Bd8 $2 (14... Bxf6 15. Rxf6 15... Rg8 $18) 15. Ndb5 $1 (15. Ndb5 axb5 16. Nxb5
$18) 1-0

[Event "Bad Woerishofen op"]
[Site "Bad Woerishofen"]
[Date "2001.??.??"]
[Round "6"]
[White "Sokolov, Andrei"]
[Black "Schwalfenberg, Joerg"]
[Result "1-0"]
[WhiteElo "2565"]
[BlackElo "2355"]
[Annotator "ChessOrg"]
[PlyCount "49"]
[EventDate "1998.03.05"]
[Source "ChessBase"]
[SourceDate "1998.04.29"]

1. e4 {B10: Caro-Kann-Verteidigung} 1... c6 2. c4 d5 3. exd5 cxd5 4. cxd5 Nf6
5. Nc3 Nxd5 6. Nf3 e6 7. Bc4 Be7 8. O-O O-O 9. Re1 Nc6 10. d4 Nxc3 11. bxc3
11... Qa5 {letzter Buchzug} 12. Qd3 Rd8 13. Bf4 Bf6 14. h4 (14. Rab1 14... a6
$14) 14... Qh5 $11 15. Re4 b5 (15... a6 $5 $11) 16. Bxb5 $16 16... Bb7 17. Ba6
Bxa6 18. Qxa6 Rac8 19. Bg5 Bxg5 20. hxg5 Qg6 21. Rae1 Qf5 22. Ne5 Nxe5 23. Rxe5
Qg4 (23... Qf4 $5 $16) 24. Qd3 g6 25. R1e4 (25. R1e4 Qh5 26. c4 $16) 1-0

[Event "Bad Woerishofen op"]
[Site "Bad Woerishofen"]
[Date "2001.??.??"]
[Round "8"]
[White "Sokolov, Andrei"]
[Black "Heinzel, Olaf"]
[Result "1-0"]
[WhiteElo "2566"]
[BlackElo "2374"]
[Annotator "ChessOrg"]
[PlyCount "39"]
[EventDate "1998.03.05"]
[Source "ChessBase"]
[SourceDate "1998.04.29"]

1. e4 {B01: Skandinavische Verteidigung} 1... d5 2. exd5 Qxd5 3. Nc3 Qa5 4. d4
c6 5. Nf3 Nf6 6. Ne5 Nbd7 7. Nc4 7... Qd8 {letzter Buchzug} 8. Bf4 Nb6 9. Ne5
Nfd5 10. Bg3 Bf5 11. Qf3 e6 12. Bd3 Qf6 13. Ne4 (13. Bxf5 exf5 14. Nxd5 14...
Nxd5 $14) 13... Bxe4 $11 14. Qxe4 h5 15. h4 Qd8 16. O-O Be7 17. Rfe1 Qc8 18. c4
Nf6 19. Qe2 19... Nbd7 $4 (19... Bb4 $142 20. Red1 20... Qd8 $14) 20. Nxf7 $1
$18 (20. Nxf7 O-O 21. Ng5 $18) 1-0